Atraktívnosť štátov Európskej Únie ako cieľových miest cestovného ruchu
Cieľové miesto je cieľ cestovania skupiny ľudí. Jeho úspech, ako turistickej destinácie, závisí od jeho atraktívnosti. Najatraktívnejšie krajiny Európskej Únie z pohľadu dopytu a ponuky. Smer budúceho výskumu atraktivity turistických destinácií.
Na minha lista:
| Autor principal: | |
|---|---|
| Formato: | Capítulo de Livro |
| Idioma: | eslovaco |
| Assuntos: | |
| Tags: |
Sem tags, seja o primeiro a adicionar uma tag!
|
MARC
| LEADER | 00000naa a2200000 4500 | ||
|---|---|---|---|
| 001 | 0286939 | ||
| 005 | 20240417075211.0 | ||
| 041 | 0 | |a slo | |
| 044 | |a SK | ||
| 245 | 1 | 0 | |a Atraktívnosť štátov Európskej Únie ako cieľových miest cestovného ruchu |c Kristína Pompurová |
| 520 | |a Cieľové miesto je cieľ cestovania skupiny ľudí. Jeho úspech, ako turistickej destinácie, závisí od jeho atraktívnosti. Najatraktívnejšie krajiny Európskej Únie z pohľadu dopytu a ponuky. Smer budúceho výskumu atraktivity turistických destinácií. | ||
| 610 | 2 | 0 | |a ruch cestovný |
| 610 | 2 | 0 | |a Európska únia |
| 610 | 2 | 0 | |a pamiatky |
| 610 | 2 | 0 | |a dopyt |
| 610 | 2 | 0 | |a ponuka |
| 100 | 1 | |a Pompurová, Kristína | |